000 00316nam a22001337a 4500
008 170926b xxu||||| |||| 00| 0 eng d
020 _a9780205296507
041 _aeng
080 _a37
100 _a46
101 _aEDU
245 _aPLAY AND MEANING IN EARLY CHILDHOOD EDUCATION
_cFROMBERG,D.P
942 _2udc
_cBK
999 _c29788
_d29788